Verbi regolari più usati in inglese (terza parte) - Statistics

Statistiche generali
  • Questo quiz è stato fatto 27 volte
  • Il punteggio medio è 13 su 50
Statistiche sulle risposte
Italiano Inglese % Corretto
Seguire Follow
92%
Esistere Exist
79%
Filmare Film
75%
Fallire Fail
71%
Indovinare Guess
67%
Fondare Found
63%
Friggere Fry
63%
Spiegare Explain
58%
Pescare Fish
54%
Licenzare/sparare Fire
46%
Esplodere Explode
42%
Formare Form
42%
Garantire Garantee
38%
Esaminare Examine
29%
Inviare un fax Fax
29%
Incollare Glue
29%
Stabilire Establish
25%
Riempire Fill
25%
Fluire Flow
25%
Costringere Force
25%
Spaventare Frighten
25%
Stimare Estimate
21%
Aspettarsi Expect
21%
Affrontare Face
21%
Temere Fear
21%
Riparare Fix
21%
Inondare Flood
21%
Brillare Glow
21%
Salutare Greet
21%
Galleggiare Float
17%
Afferrare Grab
17%
Lampeggiare Flash
13%
Piegare Fold
13%
Estendere Extende
8%
Incorniciare Frame
8%
Avere voglia di Fancy
4%
Recintare Fence
4%
Archiviare File
4%
Adattare Fit
4%
Prendere in giro Fool
4%
Raccogliere Gather
4%
Fissare lo sguardo Gaze
4%
Grattugiare Grate
4%
Ghignare Grin
4%
Sorvegliare Guard
4%
Allacciare Fasten
0%
Andare a prendere Fetch
0%
Sbattere (ali/tende) Flap
0%
Ingrassare (meccanica/cucina) Grease
0%
Gemere Groan
0%
Nessun quiz corrispondente trovato
Distribuzione punteggi
Percentuale di utenti per punteggio
Percentile per numero di risposta
I tuoi punteggi nel tempo
Non hai fatto questo quiz